000 01026nam a2200241Ii 4500
003 JO-AjNU
005 20240629114132.0
008 230605s9999||||xx |||||||||||||| ||und||
040 _aJO-AjNU
_bara
_erda
_cJO-AjNU
041 _aara
050 1 4 _aK5575 2019
100 1 _aبني نصر، محمد علي محمد
_eمعد
_965794
245 2 0 _aالحماية القانونية للأحداث في القانون الأردني = The Legal Protection of Juveniles in the Jordanian Law /
_cاعداد محمد علي محمد بني نصر ؛ إشراف زيد الغرايبة
260 _c2019
300 _a167ورقة
336 _atext
_btxt
_2rdacontent
337 _aunmediated
_bn
_2rdamedia
338 _avolume
_bnc
_2rdacarrier
500 _aرسالة جامعية ( اطروحة ماجستير) جامعة عجلون الوطنية: كلية الحقوق، 2019
650 4 _aالاحداث- القانون-الاردن
_959307
700 1 _aالغرايبة، زيد
_965795
_eمشرف
942 _2lcc
_cTHS
999 _c30249
_d30249